000 00321nam a2200133Ia 4500
008 100328s9999 xx 000 0 und d
082 _b54996
100 _aThomas Vernon
245 _aFolk Tales From India
260 _bHemkant
630 _aFolk Tales From India
730 _aFolk Tales From India
942 _cBOOK
999 _c541697
_d541694